000 01063nam a2200253 i 4500
003 DO-SdBNP
005 20260305100014.0
007 ta
008 260405s2002 dr o 000 0 spa d
040 _aDO-SdBNP
_bspa
_cBNPHU
_erda
041 _aspa
082 _axxx
_bC357
_222
100 _911765
245 1 0 _aCatálogo 2002 :
_blibreria y papeleria La Filantropica
264 1 _aSanto Domingo :
_bLibreria y Papeleria La Filantropica,
_c2002
300 _a38 páginas
_c23 cm.
336 _2rdacontent
_atexto
_btxt
337 _2rdamedia
_asin mediación
_bn
338 _2rdacarrier
_avolumen
_bnc
505 _aGeneralidades 16 -- Condiciones necesarias para el desarrollo de las plantas 24 -- Luz 25 -- Agua 27 -- Aspectos climáticos 30 -- Los sustratos 30 -- El nutriente y el riego de los cultivos 38 -- Recipientes de cultivo 44 -- Semillas, semilleros y trasplante 54 -- Plagas y enfermedades en los hidrocultivos caseros 66 -- Periodo vegetativo, recolección y cosecha 80
590 _aInventariado, 2026/DG
910 _aDG
942 _2ddc
_cLF2
999 _c60435
_d60435